000 00705nam a2200289Ia 4500
005 20260121124641.0
008 008 260114s9999 xx 000 0 eng d
020 _a9781447365174
037 _aEBOOK
040 _aCRL
040 _beng
040 _cCRL
041 _2eng
041 _aeng
084 _qCRL
100 _aGregory, Lee
_9979592
245 0 _aDiversity and Welfare Provision
260 _bWalter de Gruyter
260 _bWalter de Gruyter
260 _c2024
650 _aPolitical Science
_9979593
700 _a Iafrati, Steve
_9979594
856 _uhttp://www.degruyter.com/isbn/9781447365174
942 _cEBOOK
999 _c1556172
_d1556172